Contra la carga de la prueba

Bibliographic Details
Main Author: Nieva Fenoll, Jordi
Other Authors: Giannini, Leandro J., Ferrer Beltrǹ, Jordi
Format: eBook
Language:Spanish
Published: Madrid: Marcial Pons, 2019
Subjects:
Online Access:Acceso restringido

MARC

LEADER 00000nam a22000007a 4500
005 2020031202442.0
007 cr|||| ||||
008 200312s2019 es |||||s|||| 00||0 spa d
020 |a 978-84-9123-819-5 
035 |a 31322 
040 |a vLex 
090 |c 10259  |d 10259 
100 1 |a Nieva Fenoll, Jordi 
245 1 0 |a Contra la carga de la prueba  |h [Recurso electrn̤ico] /  |c Jordi Nieva Fenoll, Leandro J. Giannini, Jordi Ferrer Beltrǹ 
256 |a Servicio en ln̕ea 
260 |a Madrid:  |b Marcial Pons,  |c 2019 
300 |a 1 recurso electrn̤ico 
506 1 |a Disponible solo en los productos indicados  |d vLex Global  |d vLex Global (Academic Edition, excluding Law Schools)  |d vLex Global (U.S. Academic Edition, Law Schools)  |d vLex Global (U.S. Academic Edition, excluding Law Schools)  |d vLex Global (Academic Edition, Law Schools) 
650 0 4 |a Derecho Procesal  |z Espaą 
700 1 |a Giannini, Leandro J. 
700 1 |a Ferrer Beltrǹ, Jordi 
740 0 |a vLex Libros (Servicio en ln̕ea) 
856 4 0 |u http://vlex.com/source/contra-carga-prueba-31322  |z Acceso restringido 
942 |c BOOK 
999 0 |a Procedural law